书目信息 |
| 题名: |
皮肤科手册
|
|
| 作者: | ;上海第一医学院华山医院皮肤科 编 | |
| 分册: | ||
| 出版信息: | 上海 上海科学技术出版社 1979.2 |
|
| 页数: | 433页 | |
| 开本: | 19cm | |
| 丛书名: | ||
| 单 册: | ||
| 中图分类: | R751-62 | |
| 科图分类: | ||
| 主题词: | 皮肤病学 , 皮肤病 , 皮炎 | |
| 电子资源: | ||
| ISBN: | ||
| 000 | 00692nam0 2200217 45 | |
| 001 | 0181013350 | |
| 005 | 20060601165900.15 | |
| 010 | @dCNY1.15 | |
| 100 | @a20810111d km y0chiy0120 ea | |
| 101 | 0 | @achi |
| 200 | 1 | @a皮肤科手册@Api fu ke shou ce@f上海第一医学院华山医院皮肤科编@Fshang hai di yi yi xue yuan hua shan yi yuan pi fu ke bian |
| 205 | @a2版@b修订再版 | |
| 210 | @a上海@c上海科学技术出版社@d1979.2 | |
| 215 | @a433页@d19cm | |
| 606 | 0 | @a皮肤病学 |
| 606 | 0 | @a皮肤病 |
| 606 | 0 | @a皮炎 |
| 690 | @aR751-62 | |
| 711 | 0 | @a上海第一医学院华山医院皮肤科@Ashang hai di yi yi xue yuan hua shan yi yuan pi fu ke@4编 |
| 801 | @aCN@bTSTC@c20060601 | |
| 905 | @dR751-62@e3=2@f1@b144966 | |
| 皮肤科手册/上海第一医学院华山医院皮肤科编.-2版,修订再版.-上海:上海科学技术出版社,1979.2 |
| 433页;19cm |
| ISBN :CNY1.15 |
| ● |
| 相关链接 |
|
|
|
|
正题名:皮肤科手册
索取号:R751-62/3=2
 
预约/预借
| 序号 | 登录号 | 条形码 | 馆藏地/架位号 | 状态 | 备注 |
| 1 | 0144966 | 000717120 | 第二样本阅览室/ [索取号:R751-62/3=2] | 在馆 | |
| 2 | 0420540 | 204205403 | 密集书库/ [索取号:R751-62/3=2] | 在馆 |